| 000 | 00721cab a2200241 4500 | ||
|---|---|---|---|
| 001 | WB3143-48 | ||
| 008 | 090401t1995 xxu||||| |||| 00| 0 eng d | ||
| 035 | _a(Sirsi) u28895 | ||
| 041 | _aeng | ||
| 245 | _aNon-residents property income tax | ||
| 260 | _c1995 | ||
| 350 | _a0 | ||
| 490 |
_aInland Revenue Press Release _v(837) 13 November 1995, (3) |
||
| 520 | _aRegulations detailing the taxation of non-residents UK property income come into force on 1 December 1995. | ||
| 650 | _aFINANCE ACT 1995 | ||
| 650 | _aINCOME AND CORPORATION TAXES ACT 1988 S42A | ||
| 650 | _aNON-RESIDENTS | ||
| 650 | _aPROPERTY INCOME | ||
| 650 | _aTAX LIABILITY | ||
| 690 | _aTAXATION | ||
| 942 | _n0 | ||
| 948 | _c04/03/1997 | ||
| 999 |
_c19439 _d19439 |
||